| 000 | 00000nam##2200000za#4500 |
| 001 | 9.700130 |
| 003 | CaOODSP |
| 005 | 20210625000709 |
| 007 | cr ||||||||||| |
| 008 | 150407|2014||||xxc|||||o f|0| 0 eng|d |
| 020 | |a978-1-100-25354-1 |
| 040 | |aCaOODSP|beng |
| 043 | |an-cn--- |
| 086 | 1 |aFo4-50/2014E-PDF |
| 110 | 1 |aCanada. |bNatural Resources Canada. |
| 245 | 10|aPest risk analysis : |h[electronic resource]|brisk assessment of the threat of brown spruce longhorn beetle to Nova Scotia forests / |c[produced by] the Canadian Council of Forest Ministers Forest Pest Working Group. |
| 260 | |aOttawa - Ontario : |bNatural Resources Canada |cc2014. |
| 300 | |a87p.|bfigs., graph, maps, references, tables, photographs |
| 590 | |a15-12|b2015-03-20 |
| 690 | 07|aForest management|2gcpds |
| 690 | 07|aPests|2gcpds |
| 775 | 08|tAnalyse du risque phytosanitaire : |w(CaOODSP)9.644031 |
| 856 | 40|ahttp://publications.gc.ca|qPDF|s13928 KB|uhttps://publications.gc.ca/collections/collection_2015/rncan-nrcan/Fo4-50-2014-eng.pdf |